| 000 | 01385nam a2200205 a 4500 | ||
|---|---|---|---|
| 003 | PILC | ||
| 005 | 20241121155124.0 | ||
| 008 | 070427s1988 xx 00 eng d | ||
| 010 | _aAcc#26255 | ||
| 020 | _a0936625694 | ||
| 040 | _cPhilippine Baptist Theological Seminary | ||
| 050 |
_aBV 3770 _bJ637 1988 |
||
| 100 | 1 | 0 | _aJohnson, Todd M. |
| 245 | 1 | 0 |
_aCountdown to 1900 : _bworld evangelization at the end of the 19th Century / _cby Todd M. Johnson. |
| 260 | 0 |
_aBirmingham, AL : _bNew Hope, _cc1988. |
|
| 300 | _a73 P. ; 28 CM. | ||
| 505 | _aIn a Nutshell--Early History (1818-1881)--The Debate Begins (1881-1882)--The Meaning of Evangelization (1881-1882)--Time and Evangelization (1882-1883)--Missionaries and Evangelization (1883-1885)--The Northfield Meeting (1885)--The Crisis of Missions (1886)--The Role of the Student Volunteers (1886-1900)--The Evangelisation of the World (1887)--The Church's Responsibility (1887-1888)--The Centenary Conference in London (1888)--The Crisis Continues (1888-1889)--The Canon Taylor Controversy (1888-1889)--Entering the Final Decade (1890)--The Continuing Possibility (1890-1892)--The Greatest Work in the World (1891-1893)--Decline (1893-1894)--"We compelled to abandon the hope" (1894-1900)--After the Turn of the Century (1900-1910)--A Word on Eschatology and Missions--Conclusion | ||
| 650 | _aEVANGELISTIC WORK | ||
| 942 |
_cCB _2lcc |
||
| 999 |
_c10742 _d10742 |
||